Estadísticas para Medallero de los Juegos Olímpicos de 2022

Haz click aquí para intentar la prueba.

Estadísticas generales

  • Esta prueba ha sido intentada 62 veces
  • La puntuación promedio es 13 de 19

Estadísticas de respuestas

OPBMedallasPaís% Correcto
810725Estados Unidos
100%
94215China
98%
57214Francia
98%
6121432Comité Olímpico Ruso
97%
481426Canadá
95%
36918Japón
92%
1210527Alemania
90%
27817Italia
89%
1214Australia
84%
2529Corea del Sur
79%
85518Suecia
61%
85417Países Bajos
58%
1681337Noruega
55%
2248Finlandia
52%
72514Suiza
48%
77418Austria
42%
2103Nueva Zelanda
37%
1023Hungría
32%
2327Eslovenia
19%

Distribución de puntuación

Porcentaje por número respondido

Porcentaje de gente con cada puntuación

Historial de tus puntuaciones

No has intentado esta prueba.